<?xml version="1.0" encoding="UTF-8"?>
<record
    xmlns:xsi="http://www.w3.org/2001/XMLSchema-instance"
    xsi:schemaLocation="http://www.loc.gov/MARC21/slim http://www.loc.gov/standards/marcxml/schema/MARC21slim.xsd"
    xmlns="http://www.loc.gov/MARC21/slim">

  <leader>00846nam a22002657a 4500</leader>
  <controlfield tag="005">20231124162908.0</controlfield>
  <controlfield tag="008">231124b           ||||| |||| 00| 0 eng d</controlfield>
  <datafield tag="020" ind1=" " ind2=" ">
    <subfield code="a">9789357475174</subfield>
  </datafield>
  <datafield tag="040" ind1=" " ind2=" ">
    <subfield code="c">AL</subfield>
  </datafield>
  <datafield tag="041" ind1=" " ind2=" ">
    <subfield code="a">English</subfield>
  </datafield>
  <datafield tag="082" ind1=" " ind2=" ">
    <subfield code="2">23</subfield>
    <subfield code="a">650</subfield>
    <subfield code="b">HANB</subfield>
  </datafield>
  <datafield tag="100" ind1=" " ind2=" ">
    <subfield code="a">V Basil Hans</subfield>
    <subfield code="9">143383</subfield>
  </datafield>
  <datafield tag="245" ind1=" " ind2=" ">
    <subfield code="a">Business Environment</subfield>
  </datafield>
  <datafield tag="250" ind1=" " ind2=" ">
    <subfield code="a">1.</subfield>
  </datafield>
  <datafield tag="260" ind1=" " ind2=" ">
    <subfield code="b">Selfypage Developers Pvt Ltd</subfield>
    <subfield code="c">2023</subfield>
    <subfield code="a">Chikkamagaluru</subfield>
  </datafield>
  <datafield tag="300" ind1=" " ind2=" ">
    <subfield code="a">vii,210 p.</subfield>
    <subfield code="b">PB</subfield>
    <subfield code="c">25.5x17.7 cm.</subfield>
  </datafield>
  <datafield tag="365" ind1=" " ind2=" ">
    <subfield code="a">027</subfield>
    <subfield code="b">&#x20B9;273.00</subfield>
    <subfield code="c">&#x20B9;</subfield>
    <subfield code="d">&#x20B9;390.00</subfield>
    <subfield code="e">30%</subfield>
    <subfield code="f">21-11-2023</subfield>
  </datafield>
  <datafield tag="650" ind1=" " ind2=" ">
    <subfield code="a">Economic and Technological Environment</subfield>
    <subfield code="9">143378</subfield>
  </datafield>
  <datafield tag="650" ind1=" " ind2=" ">
    <subfield code="a">Indian Economy</subfield>
    <subfield code="9">143379</subfield>
  </datafield>
  <datafield tag="650" ind1=" " ind2=" ">
    <subfield code="a">Political and Social Environment</subfield>
    <subfield code="9">143380</subfield>
  </datafield>
  <datafield tag="650" ind1=" " ind2=" ">
    <subfield code="a">Human Resources and Economic Development</subfield>
    <subfield code="9">143381</subfield>
  </datafield>
  <datafield tag="650" ind1=" " ind2=" ">
    <subfield code="a">Foreign Trade in India</subfield>
    <subfield code="9">143382</subfield>
  </datafield>
  <datafield tag="700" ind1=" " ind2=" ">
    <subfield code="a">HANS (V Basil)</subfield>
    <subfield code="9">143376</subfield>
  </datafield>
  <datafield tag="942" ind1=" " ind2=" ">
    <subfield code="2">ddc</subfield>
    <subfield code="c">BK</subfield>
  </datafield>
  <datafield tag="999" ind1=" " ind2=" ">
    <subfield code="c">229302</subfield>
    <subfield code="d">229302</subfield>
  </datafield>
  <datafield tag="952" ind1=" " ind2=" ">
    <subfield code="0">0</subfield>
    <subfield code="1">0</subfield>
    <subfield code="2">ddc</subfield>
    <subfield code="4">0</subfield>
    <subfield code="7">0</subfield>
    <subfield code="8">ECO</subfield>
    <subfield code="a">AL</subfield>
    <subfield code="b">AL</subfield>
    <subfield code="d">2023-11-24</subfield>
    <subfield code="e">HANS V B </subfield>
    <subfield code="g">273.00</subfield>
    <subfield code="l">0</subfield>
    <subfield code="o">650 HANB</subfield>
    <subfield code="p">076962</subfield>
    <subfield code="r">2023-11-24 00:00:00</subfield>
    <subfield code="v">390.00</subfield>
    <subfield code="w">2023-11-24</subfield>
    <subfield code="y">BK</subfield>
  </datafield>
</record>
